| 000 | 00493nam a2200181 a 4500 | ||
|---|---|---|---|
| 005 | 20140310183437.0 | ||
| 008 | 080313s19uu xx 00 eng d | ||
| 020 | _a0689864396 | ||
| 050 |
_aPZ 7 _b.R916s 2003 |
||
| 100 | _aRuditis, Paul | ||
| 245 |
_aTen little witches / _cPaul Ruditis. |
||
| 260 |
_aNew York : _bSimon Pulse, _c2003. |
||
| 300 |
_a151 p. : _c18 cm. |
||
| 440 | _aSabrina the teenage witch : special edition | ||
| 650 | _aFiction. | ||
| 942 |
_cBK _2lcc |
||
| 999 |
_c22941 _d22941 |
||